[Event "SLO-chT1 West"]
[Site "Otocec"]
[Date "2006.11.25"]
[Round "8"]
[White "Pregarac, Valter"]
[Black "Belec, Iztok"]
[Result "1-0"]
[WhiteElo "2088"]
[BlackElo "1876"]
[PlyCount "89"]
[EventDate "2006.11.16"]
[EventType "team"]
[EventRounds "9"]
[EventCountry "SLO"]
[SourceTitle "EXT 2008"]
[Source "ChessBase"]
[SourceDate "2007.11.25"]
[SourceVersion "1"]
[SourceVersionDate "2007.11.25"]
[SourceQuality "1"]

1. d4 e6 2. c4 Bb4+ 3. Nc3 Bxc3+ 4. bxc3 f5 5. e3 Nf6 6. Bd3 0-0 7. c5 c6 8. Nf3 Nd5 9. Qc2 b6 10. cxb6 axb6 11. Bd2 Na6 12. 0-0 Bb7 13. e4 fxe4 14. Bxe4 h6 15. Ne5 d6 16. Bh7+ Kh8 17. Ng6+ Kxh7 18. Nxf8+ Kg8 19. Ng6 c5 20. Nf4 Nxf4 21. Bxf4 Nc7 22. dxc5 bxc5 23. c4 e5 24. Be3 Qd7 25. Qg6 Rf8 26. f3 Rf6 27. Qd3 Ne6 28. a4 Nf4 29. Bxf4 Rxf4 30. Rfd1 Rd4 31. Qg6 d5 32. cxd5 Qxd5 33. Re1 Rd2 34. a5 Qd4+ 35. Kh1 Qf2 36. Qg3 Qd4 37. a6 Ba8 38. Qxe5 Qf2 39. Qg3 Qd4 40. Qb8+ Kh7 41. Qxa8 Re2 42. a7 Qc3 43. Qg8+ Kxg8 44. a8Q+ Kh7 45. Rxe2 1-0

[Event "Tomo Zupan op"]
[Site "Tomo Zupan"]
[Date "1994.??.??"]
[Round "?"]
[White "Kosmac, Blaz"]
[Black "Belec, Iztok"]
[Result "1-0"]
[WhiteElo "1995"]
[BlackElo "1840"]
[PlyCount "53"]
[EventDate "1994.??.??"]
[EventType "swiss"]
[EventRounds "9"]
[EventCountry "SLO"]
[SourceTitle "EXT 1998"]
[Source "ChessBase"]
[SourceDate "1997.11.17"]
[SourceVersion "1"]
[SourceVersionDate "1997.11.17"]
[SourceQuality "1"]

1. e4 c5 2. Nf3 d6 3. Nc3 g6 4. Bc4 Bg7 5. d4 cxd4 6. Nxd4 Nf6 7. f3 0-0 8. Be3 Nc6 9. Qd2 Bd7 10. 0-0-0 Ne5 11. Bb3 Rc8 12. g4 h5 13. Bh6 Bxh6 14. Qxh6 Rxc3 15. bxc3 Qc7 16. gxh5 a5 17. hxg6 Qxc3 18. gxf7+ Rxf7 19. Rhg1+ Nfg4 20. Kb1 a4 21. Bxf7+ Kxf7 22. Qh7+ Kf8 23. fxg4 Bxg4 24. Qh8+ Kf7 25. Rdf1+ Nf3 26. Rxf3+ Bxf3 27. Qg7+ 1-0

[Event "Tomo Zupan op"]
[Site "Tomo Zupan"]
[Date "1992.??.??"]
[Round "?"]
[White "Belec, Iztok"]
[Black "Kavcic, Uros"]
[Result "0-1"]
[WhiteElo "1850"]
[BlackElo "1700"]
[PlyCount "136"]
[EventDate "1992.??.??"]
[EventType "swiss"]
[EventRounds "9"]
[EventCountry "SLO"]
[SourceTitle "EXT 1998"]
[Source "ChessBase"]
[SourceDate "1997.11.17"]
[SourceVersion "1"]
[SourceVersionDate "1997.11.17"]
[SourceQuality "1"]

1. e4 e5 2. Nf3 Nc6 3. Bb5 a6 4. Ba4 Nf6 5. 0-0 d6 6. d4 Bg4 7. dxe5 dxe5 8. Qxd8+ Rxd8 9. Nxe5 Bd7 10. Nxc6 Bxc6 11. Bxc6+ bxc6 12. Bg5 Be7 13. Nc3 Rd7 14. Rad1 Rxd1 15. Rxd1 h6 16. Bf4 Bd8 17. f3 0-0 18. Ne2 Nh5 19. Rd3 Nxf4 20. Nxf4 Bf6 21. Rb3 Rd8 22. Nd3 c5 23. Nxc5 Bd4+ 24. Kf1 Bxc5 25. Ke2 Rd6 26. Rb8+ Kh7 27. Rc8 Bb6 28. a3 Rc6 29. Kd3 Rg6 30. g3 Rd6+ 31. Ke2 a5 32. c3 Re6 33. Rf8 f6 34. Kd3 Rd6+ 35. Ke2 Rd7 36. b4 axb4 37. axb4 c5 38. Rb8 Ba7 39. Ra8 cxb4 40. cxb4 Rb7 41. h3 Bb8 42. Kf2 Bd6 43. Ra2 Rxb4 44. Rc2 Rb3 45. Kg2 Re3 46. Kf2 Rb3 47. Kg2 Be5 48. Kf2 Rb2 49. Rxb2 Bxb2 50. Ke3 Kg8 51. Kf4 Kf7 52. Kg4 g6 53. f4 Kg7 54. h4 Bd4 55. h5 g5 56. Kf5 Bf2 57. g4 Bg3 58. fxg5 fxg5 59. Ke6 Bb8 60. e5 Bc7 61. Kf5 Bd8 62. Ke6 Kf8 63. Kd7 Be7 64. Ke6 Ke8 65. Kf5 Kf7 66. e6+ Kg7 67. Ke5 Bf8 68. Kf5 Bd6 0-1

[Event "Tomo Zupan op"]
[Site "Tomo Zupan"]
[Date "1992.??.??"]
[Round "?"]
[White "Rogelj, Tomaz"]
[Black "Belec, Iztok"]
[Result "1-0"]
[WhiteElo "2000"]
[BlackElo "1850"]
[PlyCount "105"]
[EventDate "1992.??.??"]
[EventType "swiss"]
[EventRounds "9"]
[EventCountry "SLO"]
[SourceTitle "EXT 1998"]
[Source "ChessBase"]
[SourceDate "1997.11.17"]
[SourceVersion "1"]
[SourceVersionDate "1997.11.17"]
[SourceQuality "1"]

1. e4 c5 2. Nf3 d6 3. d4 cxd4 4. Nxd4 Nf6 5. Nc3 g6 6. Bc4 Bg7 7. Bg5 0-0 8. Qd2 Nc6 9. Nde2 Bd7 10. Bb3 Rc8 11. f4 Bg4 12. Ng3 Na5 13. h3 Bd7 14. 0-0 h6 15. Bh4 Nxb3 16. axb3 a6 17. Rad1 Qc7 18. e5 g5 19. fxg5 Qc5+ 20. Kh1 Nh7 21. gxh6 Bxe5 22. Nge4 Bxc3 23. Qxc3 Qxc3 24. Nxc3 f6 25. Rf3 Kf7 26. Re3 Bc6 27. Rde1 e5 28. Rd1 Ke6 29. Red3 Rcd8 30. Na4 Rg8 31. R3d2 Rg6 32. Kh2 Rxh6 33. Bf2 Rg6 34. Bb6 Rd7 35. c4 Ng5 36. Nc3 f5 37. Ba5 e4 38. Bb4 Ke5 39. Nd5 f4 40. Bc3+ Kf5 41. Rf2 Ne6 42. Nxf4 Nxf4 43. Rdf1 Rxg2+ 44. Rxg2 Rh7 45. Rg3 b5 46. Kg1 d5 47. Rg4 Rxh3 48. Rfxf4+ Ke6 49. Rg6+ Kd7 50. Rf7+ Ke8 51. Rc7 Bd7 52. Rg7 e3 53. Rgxd7 1-0